00546nam a2200169Ia 4500008004100000020001800041041000800059082001600067100002500083245003000108250000600138260004200144300001300186650002200199999001900221952013600240210716s2007 xx 000 0 und d a9788120320635 aeng a005.42 TANA aTanenbaum, Andrew S. aModern operating systems. a2 aNew DelhibPHI Learning Pvt Ltdc2007 axxiv,951 aOperating Systems c188100d188100 001040708MCAaAIMITbAIMITeHigginbothams Pvt Ltdg295.00l0o005.42 TANApMCA07608r2026-05-23 00:00:00v295.00w2021-07-16yBK